000 00489nam a2200193Ia 4500
003 LK-CoDNM
005 20240307143520.0
008 010623t1937 xxu||||| |||| 00| 1 sin d
040 _aLK-CoDNM
_dLK-CoDNM
_eLK-CoDNM
041 _asin
080 _a104 AA21
100 _aDe Alwis,A.A
245 _a1935/36-6 සිංහ නාදය
246 _aSingha nadaya
260 _bEmphire press
_aColombo
_c1937
300 _bDamaged
_a16p.,27 cm
650 _aBuddhagayaawa
942 _cBK
999 _c98736
_d98736